000 01171aaa a2200277 a 4500
003 BLK
005 20250502113651.0
007 ta
008 221104b bu |||||r|||| 00| | bu d
040 _aBLK
041 _aBUL
_cBUL
080 _aСпорт. Физическа култура
_b796/799
_z796/799(497.215)
100 _9367697
_aХристов, Георги
245 _aУслужливи стени в Литва лишиха от злато Елица Стелиянова
_cГеорги Христов
300 _aс. 11
520 _aСребърен медал за състезателката от клуба по карате киокушин "Русе" на европейското първенство за момичета до 16 години. Снимка
651 7 _9179143
_aЛитва
653 _9197146
_aспорт
653 _9197151
_aспортисти
653 _9188288
_aкарате
653 _9190701
_aмедали
773 0 _tУтро, № 82, 1 - 7 май 2025
_w524478
_i. //
856 _i0.00
_ldisable
942 _2udc
_cSTA
_n0
944 _cВаля Йорданова
_k30558
_lВаля Йорданова
_a30558
999 _c535081
_d535081